| 000 | 00512nam a2200205Ia 4500 | ||
|---|---|---|---|
| 008 | 210210b2010 xxu||||| |||| 00| 0 eng d | ||
| 020 | _a0195683595 | ||
| 041 | _aeng | ||
| 082 | _a658.3 AGAS | ||
| 100 | _aAGARWALA (Tanuja) | ||
| 245 | _aStrategic human resource management | ||
| 260 |
_aNew Delhi _bOxford University Press _c2010 |
||
| 300 | _axiii,801 | ||
| 650 | _aStrategic | ||
| 650 | _aresource | ||
| 650 | _amanagement | ||
| 650 | _ahuman | ||
| 690 | _aPersonnel Management | ||
| 906 | _a066501 | ||
| 999 |
_c147877 _d147877 |
||